000 00381nam a22001577a 4500
003 OSt
008 240322b |||||||| |||| 00| 0 eng d
020 _a9789350120392
041 _aeng
082 _a001
_bGUP/GE
245 _aGeneral studies, paper 1
250 _a3rd ed.
260 _aNew Delhi :
_bRamesh Publishing House,
_c2012.
700 _aGupta, O. P
_96172
942 _cBK
999 _c13711
_d13711